Score 0/10 Timer 03:00
1 Play Today
Jumble Answer % Correct
TERGA NADEGreat Dane
97%
HRENFC LOGULBDFrench Bulldog
84.5%
RODREB LEOCLIBorder Collie
83.5%
GABELEBeagle
83.4%
UHCAHIUAHChihuahua
79%
RHAS IPEShar Pei
74.8%
HERKSORIY ERTRIREYorkshire Terrier
73.1%
BIASINRE HSYKUSiberian Husky
71.7%
MALITADNADalmatian
70.3%
ALHAS POSALhasa Apso
45.8%
Remove Ads.
Support Sporcle.
Get the best of Sporcle when you Go Orange. This ad-free experience offers more features, more stats, and more fun while also helping to support Sporcle. Thank you for becoming a member.

You're not logged in!

Compare scores with friends on all Sporcle quizzes.
OR
Log In

Show Comments

Extras

Top Quizzes Today


Score Distribution

Your Account Isn't Verified!

In order to create a playlist on Sporcle, you need to verify the email address you used during registration. Go to your Sporcle Settings to finish the process.

Report this User

Report this user for behavior that violates our Community Guidelines.

Details: